UBT Library

American places / (Record no. 42702)

000 -LEADER
fixed length control field 00823pam a2200241 a 4500
001 - CONTROL NUMBER
control field 4887378
005 - DATE AND TIME OF LATEST TRANSACTION
control field 20180215091822.0
008 - FIXED-LENGTH DATA ELEMENTS--GENERAL INFORMATION
fixed length control field 930326s1993 nyua b 001 0 eng
010 ## - LIBRARY OF CONGRESS CONTROL NUMBER
LC control number 93013202
020 ## - INTERNATIONAL STANDARD BOOK NUMBER
International Standard Book Number 0517413612
040 ## - CATALOGING SOURCE
Original cataloging agency DLC
Transcribing agency DLC
Modifying agency DLC
041 ## - LANGUAGE CODE
Language code of text/sound track or separate title eng
043 ## - GEOGRAPHIC AREA CODE
Geographic area code n-us---
080 ## - UNIVERSAL DECIMAL CLASSIFICATION NUMBER
Universal Decimal Classification number 973 EL
082 00 - DEWEY DECIMAL CLASSIFICATION NUMBER
Classification number 973 EL
Edition number 20
100 1# - Rafti
Rafti 42
101 ## - Shkurtesa
Shkurtesa GEO
245 10 - TITLE STATEMENT
Title American places /
Statement of responsibility, etc Eliot Porter ; Wallace Stegner & Page Stegner ; edited by John Macrae, III.
504 ## - BIBLIOGRAPHY, ETC. NOTE
Bibliography, etc Includes bibliographical references (p. 218-222) and index.
906 ## - LOCAL DATA ELEMENT F, LDF (RLIN)
a 7
b cbc
c orignew
d 1
e ocip
f 19
g y-gencatlg
942 ## - ADDED ENTRY ELEMENTS (KOHA)
Source of classification or shelving scheme
Item type Books
Holdings
Withdrawn status Lost status Source of classification or shelving scheme Damaged status Not for loan Collection code Permanent location Current location Shelving location Date acquired Total Checkouts Full call number Barcode Date last seen Price effective from Koha item type
          Koleksioni i përgjithshem UBT - Lipjan UBT - Lipjan Koleksioni i përgjithshem 02/15/2018   973 ELI 002-2998858 02/15/2018 02/15/2018 Books
UBT Library © 2015-2024. All rights reserved University Education for Business and Technology